BLACKPINK - Chansons de l'album THE ALBUM - Statistiques

Statistiques générales
  • Ce quiz a été pris 26 fois
  • Le résultat moyen est 6 sur 8
Statistiques - réponses
Hint Réponse % Correct
THE ALBUM 1 How You Like That
88%
THE ALBUM 2 Ice Cream (feat. Selena Gomez)
84%
THE ALBUM 5 Lovesick Girls
80%
THE ALBUM 3 Pretty Savage
76%
THE ALBUM 4 Bet You Wanna (feat. Cardi B)
72%
THE ALBUM 6 Crazy Over You
68%
THE ALBUM 8 You Never Know
68%
THE ALBUM 7 Love to Hate Me
60%
Aucun quiz correspondant
Distribution des résultats
% des personnes avec chaque résultat
Percentile par nombre de réponses
Votre historique - résultats
Vous n’avez pas pris ce quiz